000 00713nam a22002537a 4500
001 BR9505931
003 BR-BrBNA
005 20230928094541.0
007 ta
008 230509b bl.||||| |||| 00| 0 por d
040 _aBR-BrBNA
_bpor
_cBiblioteca Nacional de Agricultura
041 _a(Por)
072 _aE13
090 _ E13 BR9505931
110 1 _aAssociacao Brasileira de Credito e Assistencia Rural, Rio de Janeiro, RJ (Brasil)
_9230
245 1 _aRelatorio financeiro e balanco 1967
260 3 _aRio de Janeiro, RJ (Brasil):
_c1967.
300 _a35 p.
650 _aCredito Rural
650 _aFinanciamento
650 _aInvestimento
909 _a202309
_bLucia
_c55
_dLucia Elande
942 _cBK
999 _c51288
_d51288